| 000 | 01575cam a2200397 a 4500 | ||
|---|---|---|---|
| 999 |
_c29494 _d29494 |
||
| 001 | 17280307 | ||
| 005 | 20180109101845.0 | ||
| 008 | 120501s2012 enka b 001 0 eng d | ||
| 010 | _a 2011410977 | ||
| 015 |
_aGBB196573 _2bnb |
||
| 016 | 7 |
_a015868964 _2Uk |
|
| 020 | _a9780521115049 (hbk.) | ||
| 020 | _a0521115043 | ||
| 020 | _a9780521132770 (pbk.) | ||
| 020 | _a0521132770 (pbk.) | ||
| 035 | _a(OCoLC)ocn775022701 | ||
| 040 |
_aUKMGB _cUKMGB _dUAB _dDLC |
||
| 042 | _alccopycat | ||
| 050 | 0 | 0 | _aH 61 .G466 2012 |
| 100 | 1 |
_aGerring, John, _d1962- |
|
| 245 | 1 | 0 |
_aSocial science methodology : _ba unified framework / _cJohn Gerring. |
| 250 | _a2nd ed. | ||
| 260 |
_aCambridge ; _aNew York : _bCambridge University Press, _c2012. |
||
| 300 |
_axxv, 495 p. : _bill. ; _c25 cm. |
||
| 490 | 1 | _aStrategies for social inquiry | |
| 500 | _aPrevious ed.: 2001. | ||
| 504 | _aIncludes bibliographical references (p. 444-491) and index. | ||
| 650 | 0 |
_aSocial sciences _xMethodology. |
|
| 942 |
_2lcc _cBOOKS _hH 61 .G466 2012 |
||